Missing Word: Superlative Songs Quiz Stats

 Plays Quiz Updated Jul 7, 2017

Support Sporcle.
Go Orange.
Score 0/20 Timer 03:00
1 Play Today
Song Title Missing Word % Correct
Best _____ That Ever Happened To MeThing
94.7%
Save the Best for _____Last
93.2%
You're My Best _____Friend
90.8%
Best I Ever _____Had
90.8%
Hit Me with Your Best _____Shot
90.6%
The Best Things in Life Are _____Free
90.3%
The First _____ Is the DeepestCut
89.5%
Greatest Love of _____All
88.8%
The Worst That Could _____Happen
86%
Best of My _____Love
83.1%
Song Title Missing Word % Correct
Your Wildest _____Dreams
80%
Best _____ of My LifeDay
78.9%
My Best Friend's _____Girl
75%
Biggest Part of _____Me
72.8%
_____ Seems to Be the Hardest WordSorry
72.2%
The Longest _____Time
68.8%
What _____ the MostHurts
67.8%
(The Best Part of) _____ UpBreakin'
37.6%
Best _____ EverSong
36.8%
The Sweetest _____Taboo
22.5%

Today's Daily Dose

You're not logged in!

Compare scores with friends on all Sporcle quizzes.
OR
Log In
Forgot?

From the Vault

Oscar Best Actress (2010s)

by minshkins

Just in case you needed to update your watch or rewatch list for the weekend.
Remove Ads.
Support Sporcle.
Get the best of Sporcle when you Go Orange. This ad-free experience offers more features, more stats, and more fun while also helping to support Sporcle. Thank you for becoming a member.

Show Comments

Extras

Top Quizzes Today


Score Distribution

Your Account Isn't Verified!

In order to create a playlist on Sporcle, you need to verify the email address you used during registration. Go to your Sporcle Settings to finish the process.

Report this User

Report this user for behavior that violates our Community Guidelines.

Details: